Countries involved in Operation Enduring Freedom - Statistics

General Stats
  • This quiz has been taken 37 times
  • The average score is 42 of 59
Answer Stats
Hint Answer % Correct
Europe France
92%
Europe United Kingdom
92%
North America USA
92%
Oceania Australia
88%
Europe Belgium
88%
North America Canada
88%
Europe Germany
88%
Europe Italy
88%
Asia Japan
88%
Oceania New Zealand
88%
Asia South Korea
88%
Asia China
84%
Asia India
84%
Europe Portugal
84%
Europe Spain
84%
Asia/ Europe Turkey
84%
Asia United Arab Emirates
84%
Europe Denmark
80%
Europe Netherlands
80%
Europe Norway
80%
Asia Pakistan
80%
Europe Poland
80%
Europe Bulgaria
76%
Europe Estonia
76%
Asia Qatar
76%
Asia/ Europe Russia
76%
Europe Sweden
76%
Asia Thailand
76%
Europe Ukraine
76%
Europe Egypt
72%
Asia Georgia
72%
Asia Iran
72%
Europe Ireland
72%
Europe Latvia
72%
Europe Lithuania
72%
Asia Oman
72%
Europe Romania
72%
Asia Armenia
68%
Asia Bangladesh
68%
Europe Hungary
68%
Europe Slovakia
68%
Europe Switzerland
68%
Asia Afghanistan
64%
Europe Greece
64%
Asia Malaysia
64%
Europe Slovenia
64%
Europe Bosnia and Herzegovina
60%
Asia Turkmenistan
60%
Asia Uzbekistan
60%
Asia Azerbaijan
56%
Asia Kuwait
56%
Europe Cyprus
52%
Europe Czechia
52%
Europe Macedonia
52%
Europe Montenegro
48%
Asia Kyrgyzstan
44%
Africa Sudan
40%
Africa Congo
32%
Asia Tajikstan
12%
No matching quizzes found
Score Distribution
Percent of People with Each Score
Percentile by Number Answered
Your Score History
You have not taken this quiz